| 000 | 00592nam a22001817a 4500 | ||
|---|---|---|---|
| 999 |
_c187220 _d187220 |
||
| 005 | 20220406140726.0 | ||
| 010 | _aENG-132241 | ||
| 020 |
_a9789386049285 _c695.00 |
||
| 035 | _aEN-115773 | ||
| 037 | _bDBAD/PUB | ||
| 082 | _a954.04092 | ||
| 100 | _aCHAUDHARY, SHAILESH K. | ||
| 245 |
_aDeendayal Upadhyaya; _cShailesh K. Chaudhary |
||
| 260 |
_a Delhi _bSHIVANI BOOK AGENCY _c2018 |
||
| 270 |
_aA-55B Gali No.6 Jagatpuri Extn. Delhi _bDelhi _e110093 _mshivanibookagency@gmail.com |
||
| 300 |
_a280p. _bIndex, Bibliography _c23cm(hbk) |
||
| 942 |
_2ddc _cEN _mCHO _h954.04092 |
||